000 01113cam a22003257a 4500
003 CHAP
005 20220329133651.0
008 971013s1993 r 00010 d
010 _a9246
011 _a10218
035 _a9455
040 _cCHAP
082 _a664
_bC38
100 0 0 _aCasas, Rosalba.
_919792
245 1 3 _aLa investigación biotecnológica en México
_b: tendencias en el sector agroalimentario
260 _aMéxico, D.F. :
_bUNAM. Instituto de Investigaciones Sociales,
_c1993
300 _a292 p
590 _aBATCH-UPD
_b10
_c20130110
_lUCH01
_h0104
590 _aBATCH-UPD
_b10
_c20130110
_lUCH01
_h1322
590 _aBATCH-UPD
_b10
_c20130410
_lUCH01
_h0831
590 _aBATCH-UPD
_b10
_c20130914
_lUCH01
_h0121
590 _aCONVERSION
_b10
_c20130109
_lUCH01
_h1306
650 1 4 _aAlimentos
_xTecnología.
_94284
650 1 4 _aBiotecnología vegetal.
_912892
650 1 4 _aBiotecnología.
_912878
901 _aBK
942 _cLIBRO
949 _a664 C38
_bBC
_cLIBRO
_d33724000133138
_eLIBRO
_h85685
_i9455
_mD
_si
949 _a664 C38
_bBC
_cLIBRO
_d33724000680385
_eLIBRO
_fc.2
_gI. D.
_h92032
_i9455
_si
999 _c9246
_d9246